Statistics for Biggest Cities By Metropolian Area in Europe Quiz

Click here to take the quiz!

General Stats

  • This quiz has been taken 42 times
  • The average score is 14 of 16

Answer Stats

HintAnswer% Correct
4.7 MBerlin
100%
17 MIstanbul
97%
14 MLondon
97%
16 MMoscow
97%
11 MParis
97%
5.1 MBarcelona
94%
6.5 MMadrid
94%
6.2 MMilan
94%
3.5 MRome
94%
3.4 MKyiv
91%
5.6 MSt. Petersburg
88%
4.2 MNaples
85%
3.3 MAthens
82%
5 MCologne-Bonn
67%
5.7 MThe Ruhr
64%
5 MDusseldorf-Neuss
42%

Score Distribution

Percentile by Number Answered

Percent of People with Each Score

Your Score History

You have not taken this quiz